000 00729cam a2200229 a 4500
001 000008946
005 20200929161440.0
008 931009s1989 cu 001 j spa d
040 _aDO-SdBNP
_bspa
_cBNPHU
082 _aC863.44
_bL791c
100 1 _aLlana, María Elena,
_d1936-
_923531
245 1 0 _aCasas del vedado /
_cMaría Elena Llana ; edición, José Tajes.
260 _aLa Habana (Cuba) :
_bLetras Cubanas,
_c1989.
300 _a95 p. ;
_c18 cm.
490 1 _aGiraldilla
_aCuento
504 _aIncluye índice p. (95).
586 _aPremio de la crítica en 1983.
650 4 _aCuentos cubanos
_91482
650 4 _aLiteratura cubana
_91483
650 4 _aFamilia
_xCuento
_923532
700 1 _aTajes, José,
_eed.
_923533
999 _c8711
_d8711